| 000 | 01035nam a2200253 a 4500 | ||
|---|---|---|---|
| 001 | ebr10032003 | ||
| 003 | CaPaEBR | ||
| 006 | m u | ||
| 007 | cr cn||||||||| | ||
| 008 | 090803s2003 maua s 000 0 eng d | ||
| 040 |
_aCaPaEBR _cCaPaEBR |
||
| 035 | _a(OCoLC)568021312 | ||
| 050 | 1 | 4 |
_aQA76.9.U83 _bC66 2003eb |
| 245 | 0 | 0 |
_aComputer interfaces _h[electronic resource] : _bhand, eyes, voice and mind. |
| 260 |
_aBoston, Mass. : _bTechnology Research News, _c2003. |
||
| 300 |
_a41 p. : _bill. |
||
| 490 | 0 |
_aTRN's making the future report ; _vno. 3 (Feb. 2003) |
|
| 500 | _aTwo columns to the page. | ||
| 533 |
_aElectronic reproduction. _bPalo Alto, Calif. : _cebrary, _d2009. _nAvailable via World Wide Web. _nAccess may be limited to ebrary affiliated libraries. |
||
| 650 | 0 | _aUser interfaces (Computer systems) | |
| 655 | 7 |
_aElectronic books. _2local |
|
| 710 | 2 | _aebrary, Inc. | |
| 856 | 4 | 0 |
_uhttp://site.ebrary.com/lib/rucke/Doc?id=10032003 _zAn electronic book accessible through the World Wide Web; click to view |
| 999 |
_c176387 _d176387 |
||